000 00505nam a22001937a 4500
003 MPLRDC
005 20220104182824.0
008 210129b ||||| |||| 00| 0 eng d
020 _a7-5346-4117-6
082 _a859.6 PY v.2
100 _a彭懿
245 _a鹅耳与妖孽
_c
250 _a一版二刷
260 _a中国
_b江苏少年儿童出版社
_c2008
300 _b
490 _a彭懿精灵飞舞幻想小说集
650 _a儿童文学--长篇小说
942 _cBK
_o859.6 PY v.2
999 _c62129
_d62119